000 01021nam a22002057a 4500
999 _c8732
_d8732
003 GBCCL
005 20241126110657.0
008 210922b ||||| |||| 00| 0 eng d
020 _a9781433688959
020 _a1433688956
040 _cGBC
082 _a262
_bCHU
245 _aUnderstanding the Lord's Supper/
_cBobby Jamieson
260 _aNashville, Tennessee :
_bB & H Publishing Group,
_c[2016]
300 _avi, 70 pages ;
_c18 cm
440 _aChurch basics
_915402
505 _aPart 1: Snapshots: Takeout -- Sealed in blood -- The right company -- Come together -- Best for last -- Part 2: Spelling out the sign -- What is the Lord's supper? -- What does the Lord's supper make us? -- Part 3: Meal planning -- What gathering may celebrate the Lord's supper? -- Who may participate in the Lord's supper? -- Who should lead the Lord's supper? -- How should churches celebrate the Lord's supper? -- How should individuals approach the Lord's supper?
650 _aLord's Supper.
_92158
942 _2ddc
_cBK
_04